| 000 | 00569nam a2200217Ia 4500 | ||
|---|---|---|---|
| 003 | 0100 | ||
| 008 | 130227s9999 xx 000 0 und d | ||
| 040 | _cARRUPELIB | ||
| 050 | _aD13.B268 | ||
| 100 | _aBarraclough, Geoffrey | ||
| 245 | _aHistory in a changing world | ||
| 260 | _aOxford | ||
| 260 | _bBasil Blackwell | ||
| 260 | _C1957 | ||
| 300 | _aviii | ||
| 300 | _b 246p 22cm | ||
| 650 | _bWest (US)--Description and travel--To 1848 | ||
| 650 | _cIndians of North America--West (US) | ||
| 650 | _dFrontier and pioneer life--West (U.S.) | ||
| 942 |
_2lcc _01 |
||
| 999 |
_c788 _d788 |
||